शैक्षिक व व्यावसायिक निर्देशन / (Record no. 51249)

MARC details
000 -LEADER
fixed length control field 01414nam a22003257a 4500
005 - DATE AND TIME OF LATEST TRANSACTION
control field 20080929101452.0
008 - FIXED-LENGTH DATA ELEMENTS--GENERAL INFORMATION
fixed length control field 080929t xxu||||| |||| 00| 0chin d
010 ## - LCCN (DPL NO)
LC control number HIN-92156
020 ## - INTERNATIONAL STANDARD BOOK NUMBER
International Standard Book Number 9788177112474
Terms of availability 500.00
035 ## - SYSTEM CONTROL NUMBER
System control number HN-64502
037 ## - SOURCE OF ACQUISITION
Source of stock number/acquisition DBAD / PUB
040 ## - CATALOGING SOURCE
Original cataloging agency DPL
Language of cataloging HN
082 ## - DEWEY DECIMAL CLASSIFICATION NUMBER
Classification number 371.4
100 ## - MAIN ENTRY--PERSONAL NAME
9 (RLIN) 26640
245 ## - TITLE STATEMENT
Title शैक्षिक व व्यावसायिक निर्देशन /
Statement of responsibility, etc सुरेन्द्र कुमार सहारण....आदि
246 ## - VARYING FORM OF TITLE
Title proper/short title Shekshik va vevasaik Nirdeshan
Remainder of title by Surender kumar saharan...etc.
260 ## - PUBLICATION, DISTRIBUTION, ETC. (IMPRINT)
Place of publication, distribution, etc जयपुर
Name of publisher, distributor, etc साहित्यागार
Date of publication, distribution, etc 2011
270 ## - ADDRESS
Address 958, धामाणी मार्केट की गली, चौडां रास्ता,
City जयपुर
300 ## - PHYSICAL DESCRIPTION
Extent 312पृ.
Dimensions 22सेमी (सजिल्द)
650 ## - SUBJECT ADDED ENTRY--TOPICAL TERM
9 (RLIN) 697
650 ## - SUBJECT ADDED ENTRY--TOPICAL TERM
9 (RLIN) 26793
650 ## - SUBJECT ADDED ENTRY--TOPICAL TERM
9 (RLIN) 26674
650 ## - SUBJECT ADDED ENTRY--TOPICAL TERM
9 (RLIN) 698
700 ## - ADDED ENTRY--PERSONAL NAME
9 (RLIN) 26643
Personal name शर्मा, स्वराज
700 ## - ADDED ENTRY--PERSONAL NAME
Personal name शर्मा, मोहिनीमोहन
9 (RLIN) 26798
700 ## - ADDED ENTRY--PERSONAL NAME
Personal name तिवारी, महेश कुमार
9 (RLIN) 26799
710 ## - ADDED ENTRY--CORPORATE NAME
9 (RLIN) 26662
942 ## - ADDED ENTRY ELEMENTS (KOHA)
Source of classification or shelving scheme Dewey Decimal Classification
Item type Hindi Books
Classification part 371.4
Call number suffix शैक्षिक
Holdings
Withdrawn status Lost status Source of classification or shelving scheme Damaged status Not for loan Collection code Home library Current library Date acquired Source of acquisition Cost, normal purchase price Total Checkouts Full call number Barcode Date last seen Copy number Cost, replacement price Koha item type
    Dewey Decimal Classification   Not For Loan Non-fiction D.B.Act.Division D.B.Act.Division 25/03/2011 DBAD / PUB 500.00   371.4 शैक्षिक HN-64502 25/03/2011 1 500.00 Hindi Books

© Delhi Public Library
Hit Counter
free hit counter